000 00695nam a22002537a 4500
003 UA-OsUOA
001 26391
007 ta
008 20040527b un ||||| |||| 00| 0 ukr d
100 _aУсатенко Т.П.
090 _a37(477)(091)
_bУ74
942 _cBK
040 _aUA-OsUOA
_bukr
_cUA-OsUOA
_dUA-OsUOA
245 _aУкраїнська національна школа: минуле і майбутнє. Українознавчий вимір
300 _a285 с.
955 _a0
041 _aukr
080 _a37(477)(091)
020 _a966-00-0806-6
260 _aКиїв
_bНаукова думка
_c2003
044 _aUA
650 7 _2UDC
999 _c312714
_d312714